Atlas visuales del mundo / (Registro nro. 11562)

Detalles MARC
000 -LIDER
fixed length control field 01075nam a22003137a 4500
001 - NÚMERO DE CONTROL
Identificador de número de control 0011621
003 - IDENTIFICACDOR DE NÚMERO DE CONTROL
control field DO-SdBNP
005 - DATE AND TIME OF LATEST TRANSACTION
control field 20220527135227.0
007 - CAMPOS FIJOS DE DESCRIPCIÓN FÍSICA
fixed length control field 0011621
008 - ELEMENTOS DE LONGITUD FIJA
fixed length control field 161011b1991 spa||| 00| 0 spa d
040 ## - FUENTE DE CATALOGACIÓN
Agencia que crea de manera original el registro BPMSU
Idioma de catalogación spa
Agencia que realiza la transcripción BPMSU
082 #4 - NÚMERO DE CLASIFICACIÓN DECIMAL DE DEWEY
Classification number R91
Item number K321a 1991
Edition number 22
100 1# - ASIENTO PRINCIPAL -- NOMBRE PERSONAL
Nombre personal Kemp, Richard
245 10 - MENCIÓN DE TITULO
Título Atlas visuales del mundo /
Mención de responsabilidad textos Richard Kemp ; ilustración Brian Delf ; traducción Juan Santisteban
260 ## - PUBLICACIÓN, DISTRIBUCIÓN, ETC. (PIE DE IMPRENTA)
Lugar de publicación, distribución, etc Barcelona :
Nombre del editor, distribuidor, etc. Dorling Kindersley,
-- El Periódico,
Fecha de publicación, distribución, etc 1991.
300 ## - DESCRIPCIÓN FÍSICA
Extensión 80,63,64 p. :
Otros detalles físicos il. ; mapas ;
Dimensiones 36 cm.
490 0# - MENCIÓN DE SERIES
Mención de serie Los grandes atlas visuales
500 ## - NOTA GENERAL
Nota general La biblioteca posee v.1
505 0# - NOTA DE CONTENIDO
Información miscelánea v.1.
Título El Mundo -- El Cuerpo -- El Espacio
505 0# - NOTA DE CONTENIDO
Información miscelánea v. 2. :
Título Animales-- Oceanos -- El Mundo Antiguo -- La Tierra
650 #4 - ENCABEZAMIENTO DE MATERIA--TEMÁTICO
Término temático o nombre geográfico como elemento de entrada Atlas
650 #4 - ENCABEZAMIENTO DE MATERIA--TEMÁTICO
Término temático o nombre geográfico como elemento de entrada Cuerpo humano
Subdivisión de forma Atlas
650 #4 - ENCABEZAMIENTO DE MATERIA--TEMÁTICO
Término temático o nombre geográfico como elemento de entrada Espacio exterior
Subdivisión de forma Atlas
700 1# - ASIENTO SECUNDARIO -- NOMBRE PERSONAL
Nombre personal Delf, Brian,
Mención de responsabilidad ilustraciones
700 1# - ASIENTO SECUNDARIO -- NOMBRE PERSONAL
Nombre personal Santisteban, Juan,
Mención de responsabilidad traductor
710 2# - ASIENTO SECUNDARIO -- NOMBRE CORPORATIVO
Nombre corporativo o de jurisdicción Dorlingkindersley
910 ## - VALIDACIÓN
Validación VMateo V. /Validado. Control de calidad MFF
942 ## - ADDED ENTRY ELEMENTS (KOHA)
Source of classification or shelving scheme Dewey Decimal Classification
Koha item type Libros
Existencias
Withdrawn status Lost status Source of classification or shelving scheme Damaged status Not for loan Collection code Home library Current library Date acquired Source of acquisition Full call number Barcode Date last seen Copy number Price effective from Koha item type
    Dewey Decimal Classification     Colección de Referencia General Biblioteca Pública Metropolitana Salomé Ureña Biblioteca Pública Metropolitana Salomé Ureña 09/18/2017 FUNDI BPMSU CGR R912 K321a 1994 BPMSU17090018 09/18/2017 v. 1   Libros